00762 2200193 4500001002100000005001700021008004100038035002400079040001200103082001300115090002200128100001900150245017400169260011600343300003900459504002800498650002400526990001800550YOGYA-0113000000036820130108073703.0 ind  0010-011300000000368 aYOPDYOG a614.5993 aSK 614.5993 Irm H aIRMA NURMAWATI aHubungan pengetahuan dan sikap tentang HIV/AIDS terhadap praktek pencegahan resiko tertularnya pada perawat gigi di Puskesmas Kota Yogyakarta/disusun oleh Irma Nurmawati aYogyakartabDepartemen Kesehatan Republik Indonesia Politeknik Kesehatan Yogyakarta Jurusn Kesehatan Gigic2004 aX, 33, (16) lbrbilus, lampc29 cm aBibliografi (lbr.34-35) aHIV/AIDS (penyakit) a42416-PD/A.12